000 01026nam a22003017a 4500
003 CHAP
005 20220920174919.0
008 971013s1975 r 00010 d
010 _a18852
011 _a19824
035 _a23909
040 _cCHAP
090 _aTesis
100 0 0 _aAlvarado Mendez, Jose.
_94803
245 _aPrueba de diferentes espaciamientos en la productividad del pepino (Cucumis sativus L.) bajo el sistema de piso; en el campo agropecuario experimental de la F.A.U.A.N.L.
260 _aMonterrey, N.L., :
_bEl autor,
_c1975
300 _a51 h.
_b; gráfs
502 _aTesis (Ing. Agrónomo Fitotecnista) -- Univ. Autónoma de Nuevo León. Fac. de Agronomía
590 _aALEPH
_b10
_c20130110
590 _aBATCH-UPD
_b10
_c20130110
590 _aBATCH-UPD
_b10
_c20130410
590 _aCONVERSION
_b10
_c20130109
650 1 4 _aPepino
_xEspaciamiento.
_986906
650 1 4 _aPepino
_xRendimiento.
_986928
901 _aBK
942 _cTESIS
_2local
949 _bBC
_cTES
_d-55384
_eBPP
_i23909
_si
999 _c18852
_d18852